| 000 | 01262cam a22003497a 4500 | ||
|---|---|---|---|
| 003 | CHAP | ||
| 005 | 20220329143029.0 | ||
| 008 | 050920d1995 co r 00110 spa d | ||
| 010 | _a90934 | ||
| 011 | _a91906 | ||
| 020 | _a9580430667 | ||
| 035 | _a102469 | ||
| 040 | _cCHAP | ||
| 082 | 0 | 4 |
_a658 _bC65Y |
| 100 | 0 | 0 |
_aCollins, James C. _925283 |
| 245 | 1 | 0 |
_aEmpresas que perduran : _bprincipios exitosos de compañias triunfadoras _c/por James C. Collins y Jerry I. Porras |
| 260 |
_aBogotá, Colombia : _bGrupo editorial Norma, _c1995. |
||
| 300 | _a385 p. | ||
| 590 |
_aBATCH-UPD _b10 _c20130110 _lUCH01 _h0817 |
||
| 590 |
_aBATCH-UPD _b10 _c20130410 _lUCH01 _h0454 |
||
| 590 |
_aBATCH-UPD _b10 _c20130913 _lUCH01 _h1949 |
||
| 590 |
_aCONVERSION _b10 _c20130109 _lUCH01 _h1350 |
||
| 650 | 1 | 4 |
_aAdministración de empresas. _9922 |
| 650 | 1 | 4 |
_aAdministración industrial. _9931 |
| 700 | 0 |
_aPorras, Jerry I. _990957 |
|
| 901 | _aBK | ||
| 905 | _aLilia | ||
| 942 | _cLIBRO | ||
| 949 |
_a658 C65Y _bBC _cLIBRO _d33724000958211 _eLIBRO _fc.3 _gI.c/e _h106902 _i102469 _si _t$239.00 |
||
| 949 |
_a658 C65Y _bBC _cLIBRO _d33724000958278 _eLIBRO _fc.2 _gI.c/e _h106901 _i102469 _si _t$239.00 |
||
| 949 |
_a658 C65Y _bBC _cLIBRO _d33724000963419 _eLIBRO _gI.c/e _h106900 _i102469 _sb _t$239.00 |
||
| 999 |
_c90934 _d90934 |
||